Psychodiagnostika v náboru

Súčasná personálna psychodiagnostika. Odklon od testovania tvrdých znalostí k zisťovaniu predpokladov a schopností. Moderná psychometria na internete. Základné východisko - kľúčové kompetencie. Výhody a riziká testovania uchádzačov online formou. Využitie psychodiagnostiky pri plánovaní kariérneho r...

Descrizione completa

Salvato in:
Dettagli Bibliografici
Autore principale: Šulcová, Tereza
Altri autori: Snopek, Mojmír
Natura: Capitolo di libro
Lingua:ceco
Soggetti:
Tags: Aggiungi Tag
Nessun Tag, puoi essere il primo ad aggiungerne!!

MARC

LEADER 00000naa$a2200000$$$4500
001 0115509
005 20231213140241.4
041 0 |a cze 
044 |a CZ 
245 1 0 |a Psychodiagnostika v náboru  |c Tereza Šulcová, Mojmír Snopek 
520 |a Súčasná personálna psychodiagnostika. Odklon od testovania tvrdých znalostí k zisťovaniu predpokladov a schopností. Moderná psychometria na internete. Základné východisko - kľúčové kompetencie. Výhody a riziká testovania uchádzačov online formou. Využitie psychodiagnostiky pri plánovaní kariérneho rastu. 
610 2 0 |a personalistika 
610 2 0 |a výber pracovníkov 
610 2 0 |a nábor pracovníkov 
610 2 0 |a internet 
610 2 0 |a psychológia 
610 2 0 |a testy psychodiagnostické 
610 2 0 |a psychodiagnostika 
100 1 |a Šulcová, Tereza 
700 1 |a Snopek, Mojmír